书目信息 |
| 题名: |
仿生植物在对重污染水体氮素去除中的应用
|
|
| 作者: | 周晓红 著 | |
| 分册: | ||
| 出版信息: | 北京 化学工业出版社 2018 |
|
| 页数: | 176页 | |
| 开本: | 24cm | |
| 丛书名: | ||
| 单 册: | ||
| 中图分类: | X52 | |
| 科图分类: | ||
| 主题词: | 仿生--植物--应用--含氮废水--水污染防治--研究 | |
| 电子资源: | ||
| ISBN: | 978-7-122-31243-3 | |
| 000 | 01144nam0 2200229 450 | |
| 001 | 4206 | |
| 005 | 20181010144935.36 | |
| 010 | @a978-7-122-31243-3@dCNY48.00 | |
| 100 | @a20180612d2018 em y0chiy50 ea | |
| 101 | 0 | @achi |
| 102 | @aCN@b110000 | |
| 105 | @aa z 000yy | |
| 200 | 1 | @a仿生植物在对重污染水体氮素去除中的应用@9fang sheng zhi wu zai dui zhong wu ran shui ti dan su qu chu zhong de ying yong@f周晓红著 |
| 210 | @a北京@c化学工业出版社@d2018 | |
| 215 | @a176页@c图@d24cm | |
| 300 | @a江苏大学专著出版基金资助出版 | |
| 330 | @a本书主要内容包括当前我国水污染现状及其特征以及仿生植物在污水处理中的应用情况、仿生植物附着生物膜氮素含量分析、仿生植物附着微生物膜对水质净化效果的研究、不同季节条件下仿生植物附着生物膜氨氮降解效能的影响、不同水深条件下仿生植物附着生物膜氨氮降解效能的影响、环境因子对仿生植物附着生物膜对氨氮降解效能的影响、仿生植物对水体污染物净化机制分析、仿生植物材料选择与管理维护技术、仿生植物应用到水质净化技术中的综合效益评价。 | |
| 606 | 0 | @a仿生@x植物@x应用@x含氮废水@x水污染防治@x研究 |
| 690 | @aX52@v5 | |
| 701 | 0 | @a周晓红@9zhou xiao hong@4著 |
| 801 | 0 | @aCN@b91MARC@c20180612 |
| 905 | @aMuseLib@dX52@e188 | |
| 仿生植物在对重污染水体氮素去除中的应用/周晓红著.-北京:化学工业出版社,2018 |
| 176页:图;24cm |
| 江苏大学专著出版基金资助出版 |
| ISBN 978-7-122-31243-3:CNY48.00 |
| 本书主要内容包括当前我国水污染现状及其特征以及仿生植物在污水处理中的应用情况、仿生植物附着生物膜氮素含量分析、仿生植物附着微生物膜对水质净化效果的研究、不同季节条件下仿生植物附着生物膜氨氮降解效能的影响、不同水深条件下仿生植物附着生物膜氨氮降解效能的影响、环境因子对仿生植物附着生物膜对氨氮降解效能的影响、仿生植物对水体污染物净化机制分析、仿生植物材料选择与管理维护技术、仿生植物应用到水质净化技术中的综合效益评价。 |
| ● |
| 相关链接 |
|
|
|
|
正题名:仿生植物在对重污染水体氮素去除中的应用
索取号:X52/188
 
预约/预借
| 序号 | 登录号 | 条形码 | 馆藏地/架位号 | 状态 | 备注 |
| 1 | 1124041 | 211240414 | 第二样本阅览室/ [索取号:X52/188] | 在馆 | |
| 2 | 1124042 | 211240423 | 第三借阅区/ [索取号:X52/188] | 在馆 | |
| 3 | 1124043 | 211240432 | 第三借阅区/ [索取号:X52/188] | 在馆 | |
| 4 | 1124044 | 211240441 | 密集书库-生命科学系/ [索取号:X52/188] | 在馆 | |
| 5 | 1124045 | 211240450 | 第三借阅区/ [索取号:X52/188] | 在馆 |